00469 2200181 4500001002100000005001500021035002000036007000300056008004100059082000800100084001400108100002200122245005000144250000600194260005200200300002100252600001400273INLIS00000000000095220220616090101 a0010-0622000096ta220616 g 0 ind  a895 a895 MAR s0 aMarfuah, Maharati1 aSerba-Serbi Sujud Tilawah /cMaharati Marfuah a1 aJakarta Selatan :bRumah Fikih Publising,c2019 a41 hlm. ;c20 cm 4aNon Fiksi